000 00605nam a22001937a 4500
005 20251215153854.0
010 _aENG-147311
020 _a9788198385826
_c290.00
035 _aEN-130843
037 _bDBAD
082 _a320.954
_21
100 _aDamodhar
_986092
245 _aA Century of Service/
_cDamodhar
260 _bSamvit Prakashan and Media PVT. LTD
_c2025
_aDelhi
270 _a1585,1654, Madarsa road, Kashmere gate
_b Delhi
_e 110006
300 _a240p.;
_c21cm(pb)
500 _aThe RSS and Its Work Among Scheduled Castes And Tribes
942 _2ddc
_cEN
_mDAM
_h320.954
999 _c213929
_d213929